[Event "Titled Tuesday 2021.01.26"]
[Site "chess.com INT"]
[Date "2021.01.26"]
[Round "5"]
[White "Thavandiran, Shiyam"]
[Black "Gago Padreny, I."]
[Result "0-1"]
[WhiteElo "2420"]
[BlackElo "2247"]
[PlyCount "78"]
[EventDate "2021.01.26"]
[EventType "team (blitz)"]
[EventRounds "11"]
[EventCountry "NET"]
[Source "Mark Crowther"]
[SourceDate "2021.02.01"]

1. e4 c6 2. d4 d5 3. Nd2 dxe4 4. Nxe4 Nf6 5. Nxf6+ exf6 6. c3 Bd6 7. Bd3 O-O 8.
Qc2 Re8+ 9. Ne2 h5 10. O-O h4 11. h3 Qc7 12. Bd2 Nd7 13. Rae1 c5 14. Nf4 Rxe1
15. Rxe1 Nf8 16. Re8 b6 17. Nd5 Qd7 18. Re1 Bb7 19. Be4 Re8 20. Bf3 Rxe1+ 21.
Bxe1 Ng6 22. Bd2 Bb8 23. Qe4 Ba6 24. dxc5 bxc5 25. Bg4 Qd6 26. Qe8+ Kh7 27. Bf4
Nxf4 28. Ne7 Ne2+ 29. Kf1 Nxc3+ 30. Ke1 Qe5+ 31. Kd2 Qd4+ 32. Kc1 Bf4+ 33. Kc2
Qd3+ 34. Kb3 Nd5+ 35. Ka4 Qc4+ 36. Ka5 Bd2+ 37. b4 Bxb4+ 38. Ka4 Bd2+ 39. Ka3
Bc1# 0-1

[Event "Titled Tuesday 2021.01.26"]
[Site "chess.com INT"]
[Date "2021.01.26"]
[Round "6"]
[White "Gonzalez, Francisco Silva"]
[Black "Thavandiran, Shiyam"]
[Result "1-0"]
[WhiteElo "2049"]
[BlackElo "2420"]
[PlyCount "101"]
[EventDate "2021.01.26"]
[EventType "team (blitz)"]
[EventRounds "11"]
[EventCountry "NET"]
[Source "Mark Crowther"]
[SourceDate "2021.02.01"]

1. d4 Nf6 2. c4 e6 3. Nc3 Bb4 4. a3 Bxc3+ 5. bxc3 c5 6. e3 Nc6 7. Bd3 b6 8. e4
O-O 9. Nf3 Ne8 10. e5 f6 11. Qc2 f5 12. d5 Na5 13. Bg5 Qc7 14. d6 Qc6 15. h4
Ba6 16. Qe2 Rb8 17. a4 Nb3 18. Ra3 Na5 19. h5 h6 20. Bf4 Nb7 21. Rh3 Nd8 22.
Rg3 Nf7 23. Rg6 Nh8 24. Rg3 Nf7 25. Qe3 Kh7 26. Nh4 Bb7 27. Rg6 a6 28. Kf1 Ba8
29. Kg1 Qc8 30. Qg3 b5 31. axb5 axb5 32. Nxf5 exf5 33. Bxf5 Kh8 34. e6 dxe6 35.
Bxe6 Qb7 36. d7 Ned6 37. Rxa8 Rxa8 38. Rxg7 Ra1+ 39. Kh2 Qe4 40. Rg6 Nf5 41.
Qg4 Qe1 42. Kh3 Qh1+ 43. Bh2 Qd1 44. Qf4 Ng5+ 45. Rxg5 hxg5 46. Qe5+ Kh7 47.
Bxf5+ Rxf5 48. Qxf5+ Kg8 49. Qg6+ Kf8 50. Qf6+ Kg8 51. d8=Q+ 1-0

[Event "Titled Tuesday 2021.01.26"]
[Site "chess.com INT"]
[Date "2021.01.26"]
[Round "7"]
[White "Thavandiran, Shiyam"]
[Black "Skurikhin, D."]
[Result "1-0"]
[WhiteElo "2420"]
[BlackElo "2297"]
[PlyCount "83"]
[EventDate "2021.01.26"]
[EventType "team (blitz)"]
[EventRounds "11"]
[EventCountry "NET"]
[Source "Mark Crowther"]
[SourceDate "2021.02.01"]

1. e4 c6 2. d4 d5 3. Nd2 dxe4 4. Nxe4 Bf5 5. Nc5 b6 6. Nb3 e6 7. Nf3 Nf6 8. g3
Nbd7 9. Bg2 Rc8 10. O-O Be7 11. Re1 O-O 12. c4 Re8 13. h3 h6 14. Qe2 c5 15. Rd1
Be4 16. Bf4 cxd4 17. Nbxd4 Bc5 18. Nb5 e5 19. Be3 Bxf3 20. Bxf3 e4 21. Bg2 Bxe3
22. Qxe3 Re6 23. Rd4 a6 24. Nd6 Rc6 25. Rad1 Qe7 26. Nf5 Qc5 27. g4 Ne5 28.
Rd8+ Kh7 29. b3 Qxe3 30. Nxe3 b5 31. cxb5 axb5 32. Rb8 Rc5 33. Rdd8 Kg6 34. Nf5
Nf3+ 35. Bxf3 exf3 36. Nh4+ Kg5 37. Nxf3+ Kf4 38. Kg2 Rc2 39. Rxb5 g6 40. Rd2
Re2 41. Rxc2 Rxc2 42. Ne5 1-0

[Event "Titled Tuesday 2021.01.26"]
[Site "chess.com INT"]
[Date "2021.01.26"]
[Round "8"]
[White "Tikhonov, Viacheslav"]
[Black "Thavandiran, Shiyam"]
[Result "1-0"]
[WhiteElo "2274"]
[BlackElo "2420"]
[PlyCount "81"]
[EventDate "2021.01.26"]
[EventType "team (blitz)"]
[EventRounds "11"]
[EventCountry "NET"]
[Source "Mark Crowther"]
[SourceDate "2021.02.01"]

1. e4 c6 2. Nf3 d5 3. d3 g6 4. Bd2 Bg7 5. Bc3 d4 6. Bd2 e5 7. a4 Ne7 8. Be2 O-O
9. h4 h6 10. h5 g5 11. Na3 Be6 12. Nc4 Nd7 13. Nd6 Qc7 14. Nc4 f5 15. Bxg5 hxg5
16. Nxg5 Bxc4 17. dxc4 Qd6 18. c5 Nxc5 19. Bc4+ Kh8 20. h6 Bf6 21. Nf7+ Rxf7
22. Bxf7 Nxe4 23. Ra3 Qb4+ 24. Kf1 Qxb2 25. Rb3 Qa2 26. g3 Nc3 27. Qh5 Qxc2 28.
Rxb7 Qd1+ 29. Kg2 Qxh5 30. Rxh5 Rd8 31. Bc4 d3 32. Bxd3 Rxd3 33. Rxa7 Ne4 34.
h7 Rd8 35. Rh6 Rc8 36. Rb7 c5 37. a5 Nd6 38. Rd7 Ne8 39. a6 c4 40. a7 c3 41.
Rh1 1-0

[Event "Titled Tuesday 2021.01.26"]
[Site "chess.com INT"]
[Date "2021.01.26"]
[Round "9"]
[White "Thavandiran, Shiyam"]
[Black "Buchenau, Frank"]
[Result "1/2-1/2"]
[WhiteElo "2420"]
[BlackElo "2317"]
[PlyCount "91"]
[EventDate "2021.01.26"]
[EventType "team (blitz)"]
[EventRounds "11"]
[EventCountry "NET"]
[Source "Mark Crowther"]
[SourceDate "2021.02.01"]

1. e4 e6 2. d4 d5 3. exd5 exd5 4. Nf3 Bf5 5. Bd3 Bxd3 6. Qxd3 Nc6 7. O-O Bd6 8.
c3 Nge7 9. Ng5 h6 10. Qh3 Qc8 11. Qxc8+ Rxc8 12. Nf3 O-O 13. Re1 Rfe8 14. Be3
Nf5 15. Nbd2 Re6 16. Nb3 Rce8 17. Bd2 b6 18. Kf1 a5 19. Rxe6 Rxe6 20. Re1 Rxe1+
21. Nxe1 a4 22. Nc1 Na5 23. Ncd3 Nc4 24. Bc1 c5 25. dxc5 bxc5 26. b3 axb3 27.
axb3 Na5 28. b4 Nb3 29. bxc5 Nxc5 30. Nb4 Nb3 31. Ned3 Nxc1 32. Nxc1 d4 33.
Nba2 dxc3 34. Nxc3 Bxh2 35. g3 Bxg3 36. fxg3 Nxg3+ 37. Kg2 Nf5 38. Nd5 g5 39.
Nd3 Kg7 40. Ne5 h5 41. Nc4 Nh4+ 42. Kh3 Ng6 43. Nce3 Nf4+ 44. Nxf4 gxf4 45.
Nf5+ Kf6 46. Nh4 1/2-1/2

[Event "Titled Tuesday 2020.12.22"]
[Site "chess.com INT"]
[Date "2020.12.22"]
[Round "1"]
[White "Crevatin, Leo"]
[Black "Thavandiran, Shiyam"]
[Result "0-1"]
[WhiteElo "2171"]
[BlackElo "2420"]
[PlyCount "86"]
[EventDate "2020.12.22"]
[EventType "swiss (blitz)"]
[EventRounds "11"]
[EventCountry "NET"]
[Source "Mark Crowther"]
[SourceDate "2020.12.28"]

1. d4 Nf6 2. c4 e6 3. Nc3 Bb4 4. e4 Nxe4 5. Qc2 f5 6. Bd3 d5 7. Nf3 Nc6 8. O-O
O-O 9. cxd5 exd5 10. Nxd5 Bd6 11. Nc3 Nxc3 12. bxc3 h6 13. Bd2 Qf6 14. Rfe1 Be6
15. Rab1 b6 16. Qa4 Bd5 17. Bc4 Bxc4 18. Qxc4+ Kh8 19. Kh1 Na5 20. Qd3 Rae8 21.
c4 Nc6 22. Bc3 Qg6 23. d5 Ne7 24. Bb4 Bxb4 25. Rxb4 Nc8 26. Rbb1 Nd6 27. Nd4
Ne4 28. Kg1 Nc5 29. Qc2 Re4 30. Qd2 f4 31. f3 Re3 32. Rxe3 fxe3 33. Qc2 Qf6 34.
Rd1 Re8 35. Ne2 a5 36. Re1 Qh4 37. g3 Qf6 38. Nf4 g5 39. Ng2 Qxf3 40. Qe2 Qf2+
41. Qxf2 exf2+ 42. Kxf2 Nd3+ 43. Kf3 Nxe1+ 0-1

[Event "Titled Tuesday 2020.12.22"]
[Site "chess.com INT"]
[Date "2020.12.22"]
[Round "2"]
[White "Thavandiran, Shiyam"]
[Black "Terletsky, O."]
[Result "1-0"]
[WhiteElo "2420"]
[BlackElo "2233"]
[PlyCount "77"]
[EventDate "2020.12.22"]
[EventType "swiss (blitz)"]
[EventRounds "11"]
[EventCountry "NET"]
[Source "Mark Crowther"]
[SourceDate "2020.12.28"]

1. e4 e5 2. Bc4 Nf6 3. d3 Nc6 4. Nc3 Bc5 5. Bg5 h6 6. Bh4 d6 7. Nge2 g5 8. Bg3
a6 9. h4 g4 10. h5 b5 11. Bb3 Nd4 12. Bh4 c6 13. Nxd4 Bxd4 14. a4 b4 15. Ne2
Bxb2 16. Rb1 Bd4 17. Nxd4 exd4 18. Qd2 Be6 19. Bxe6 fxe6 20. Rxb4 Ra7 21. O-O
O-O 22. Rfb1 Nxe4 23. dxe4 Qxh4 24. Rxd4 Raf7 25. g3 Qxh5 26. Rf1 d5 27. exd5
cxd5 28. Qe2 Rf6 29. Rxg4+ Kh8 30. Rg8+ Rxg8 31. Qxh5 Rg5 32. Qe8+ Kg7 33. Qe7+
Kg6 34. Qe8+ Kg7 35. Rb1 Rf7 36. Qxe6 Rg6 37. Qxd5 Rgf6 38. Qd4 Kg6 39. Rb6 1-0

[Event "Titled Tuesday 2020.12.22"]
[Site "chess.com INT"]
[Date "2020.12.22"]
[Round "3"]
[White "Thavandiran, Shiyam"]
[Black "Gukesh, D."]
[Result "0-1"]
[WhiteElo "2420"]
[BlackElo "2563"]
[PlyCount "88"]
[EventDate "2020.12.22"]
[EventType "swiss (blitz)"]
[EventRounds "11"]
[EventCountry "NET"]
[Source "Mark Crowther"]
[SourceDate "2020.12.28"]

1. e4 c6 2. d4 d5 3. Nd2 dxe4 4. Nxe4 Nf6 5. Nxf6+ exf6 6. c3 Bd6 7. Bd3 O-O 8.
Qc2 Re8+ 9. Ne2 f5 10. Bxf5 Bxf5 11. Qxf5 Nd7 12. Qf3 Qe7 13. Be3 Nb6 14. Ng3
Bxg3 15. hxg3 Nc4 16. O-O-O Qe6 17. Rde1 h6 18. b3 Nb6 19. Bd2 Qg6 20. Rxe8+
Rxe8 21. Re1 Rxe1+ 22. Bxe1 a5 23. c4 a4 24. Kb2 Qd6 25. Bc3 a3+ 26. Kc2 Nd7
27. Qf5 b5 28. cxb5 cxb5 29. Qxb5 Nf6 30. Qc5 Qd7 31. f3 Nd5 32. Bd2 Qf5+ 33.
Kc1 Qe6 34. b4 Nf6 35. Qc2 Qd5 36. Be3 Qb5 37. Qc8+ Kh7 38. Qc2+ g6 39. Qd2 Nd5
40. Bxh6 Qf1+ 41. Kc2 Qc4+ 42. Kd1 Nc3+ 43. Ke1 Nxa2 44. Bg5 Nxb4 0-1

[Event "St Louis Inv GM"]
[Site "Saint Louis USA"]
[Date "2019.11.21"]
[Round "1.3"]
[White "Thavandiran, Shiyam"]
[Black "Abrahamyan, Tatev"]
[Result "1-0"]
[WhiteElo "2409"]
[BlackElo "2397"]
[PlyCount "75"]
[EventDate "2019.11.21"]
[EventType "tourn"]
[EventRounds "9"]
[EventCountry "USA"]
[EventCategory "9"]
[Source "ChessMix"]
[SourceDate "2019.12.01"]

1. d4 e6 2. c4 Nf6 3. Nf3 d5 4. Nc3 dxc4 5. e3 a6 6. a4 c5 7. Bxc4 cxd4 8. exd4
Be7 9. O-O Nc6 10. Re1 O-O 11. Bb3 Nb4 12. Ne5 b6 13. Qf3 Ra7 14. Be3 Bb7 15.
Qh3 Nbd5 16. Bd2 Ra8 17. Rad1 Rc8 18. Bc2 b5 19. axb5 axb5 20. Bb1 b4 21. Nxd5
Bxd5 22. Ng4 g6 23. Nxf6+ Bxf6 24. Bxb4 Re8 25. Bc3 Qb6 26. Be4 Red8 27. Qf3
Bg7 28. h4 h5 29. Ra1 Bxe4 30. Rxe4 Bxd4 31. Rxd4 Rxd4 32. Qf6 Rcd8 33. Ra4
Rd1+ 34. Kh2 Kf8 35. Rf4 R8d7 36. Qxg6 R1d4 37. Bxd4 Qxd4 38. Rxd4 1-0

[Event "St Louis Inv GM"]
[Site "Saint Louis USA"]
[Date "2019.11.22"]
[Round "3.2"]
[White "Thavandiran, Shiyam"]
[Black "Mishra, Abhimanyu"]
[Result "1-0"]
[WhiteElo "2409"]
[BlackElo "2396"]
[PlyCount "103"]
[EventDate "2019.11.21"]
[EventType "tourn"]
[EventRounds "9"]
[EventCountry "USA"]
[EventCategory "9"]
[Source "ChessMix"]
[SourceDate "2019.12.01"]

1. e4 c5 2. Nf3 e6 3. d4 cxd4 4. Nxd4 Nc6 5. Nb5 d6 6. c4 Nf6 7. N5c3 Be7 8.
Be2 O-O 9. O-O a6 10. Bf4 b6 11. Re1 Bb7 12. Bf1 Qc7 13. Nd2 Ne5 14. Rc1 Rac8
15. Bg3 Rfd8 16. b4 Qb8 17. a3 Nfd7 18. Qb3 Bf6 19. Kh1 Nc6 20. Qd1 Nce5 21. f4
Ng6 22. Nf3 Bxc3 23. Rxc3 Nf6 24. f5 exf5 25. exf5 Bxf3 26. Rxf3 Ne5 27. Rf4
Qc7 28. Bh4 Qe7 29. Rd4 h6 30. h3 Kh7 31. Re3 Rd7 32. Qa4 Ra7 33. Qd1 Rd7 34.
Qa4 Ra7 35. Be2 Qd7 36. Qd1 Qxf5 37. Rxd6 Qf4 38. Qd4 Qxd4 39. Rxd4 Rd7 40.
Bxf6 gxf6 41. Rxd7 Nxd7 42. Bg4 Rxc4 43. Bxd7 Rd4 44. Rd3 Rf4 45. Rf3 Rd4 46.
Bc8 a5 47. bxa5 bxa5 48. Rxf6 Rc4 49. Ba6 Rc3 50. Rxf7+ Kg6 51. Rf3 Rc5 52. Rb3
1-0

[Event "St Louis Inv GM"]
[Site "Saint Louis USA"]
[Date "2019.11.23"]
[Round "4.5"]
[White "Yoo, Christopher Woojin"]
[Black "Thavandiran, Shiyam"]
[Result "1-0"]
[WhiteElo "2449"]
[BlackElo "2409"]
[PlyCount "57"]
[EventDate "2019.11.21"]
[EventType "tourn"]
[EventRounds "9"]
[EventCountry "USA"]
[EventCategory "9"]
[Source "ChessMix"]
[SourceDate "2019.12.01"]

1. e4 c6 2. Nc3 d5 3. Nf3 dxe4 4. Nxe4 Nf6 5. Qe2 Nxe4 6. Qxe4 Nd7 7. Bc4 Nf6
8. Qe2 e6 9. d4 Be7 10. O-O O-O 11. Rd1 b5 12. Bd3 Bb7 13. Ne5 Qd5 14. Ng4 Nxg4
15. Qxg4 c5 16. dxc5 Qxc5 17. Bh6 Bf6 18. Qh3 g6 19. Bxf8 Rxf8 20. c3 b4 21.
cxb4 Qxb4 22. a3 Qb3 23. Bf1 Qxh3 24. gxh3 Bd5 25. Rab1 Ba2 26. Rbc1 Bxb2 27.
Rc7 Be5 28. Rxa7 Rb8 29. a4 1-0

[Event "St Louis Inv GM"]
[Site "Saint Louis USA"]
[Date "2019.11.23"]
[Round "5.1"]
[White "Thavandiran, Shiyam"]
[Black "Matsenko, Sergei"]
[Result "1/2-1/2"]
[WhiteElo "2409"]
[BlackElo "2533"]
[PlyCount "23"]
[EventDate "2019.11.21"]
[EventType "tourn"]
[EventRounds "9"]
[EventCountry "USA"]
[EventCategory "9"]
[Source "ChessMix"]
[SourceDate "2019.12.01"]

1. d4 Nf6 2. Nf3 e6 3. Bf4 b6 4. c4 Bb7 5. e3 Be7 6. Nc3 Nh5 7. Bd3 d6 8. O-O
Nd7 9. Re1 c5 10. h3 Nxf4 11. exf4 O-O 12. d5 1/2-1/2

[Event "St Louis Inv GM"]
[Site "Saint Louis USA"]
[Date "2019.11.24"]
[Round "6.5"]
[White "Thavandiran, Shiyam"]
[Black "Stremavicius, Titas"]
[Result "0-1"]
[WhiteElo "2409"]
[BlackElo "2506"]
[PlyCount "56"]
[EventDate "2019.11.21"]
[EventType "tourn"]
[EventRounds "9"]
[EventCountry "USA"]
[EventCategory "9"]
[Source "ChessMix"]
[SourceDate "2019.12.01"]

1. e4 d6 2. d4 Nf6 3. Nc3 g6 4. Be3 c6 5. Qd2 Nbd7 6. Nf3 Bg7 7. Bd3 O-O 8. h3
e5 9. O-O Re8 10. Rfe1 b5 11. dxe5 dxe5 12. Ne2 Qe7 13. a4 b4 14. c3 a5 15.
cxb4 axb4 16. Qc2 c5 17. Nd2 Bb7 18. Nc1 Nh5 19. Ncb3 Nf4 20. Bb5 Red8 21. Bxd7
Rxd7 22. Qxc5 Qd8 23. Bxf4 exf4 24. Qxb4 Bf8 25. Qc3 Rc8 26. Qf3 Bb4 27. Qxf4
Rxd2 28. e5 Qd5 0-1

[Event "St Louis Inv GM"]
[Site "Saint Louis USA"]
[Date "2019.11.24"]
[Round "7.2"]
[White "Kevlishvili, Robby"]
[Black "Thavandiran, Shiyam"]
[Result "0-1"]
[WhiteElo "2475"]
[BlackElo "2409"]
[PlyCount "112"]
[EventDate "2019.11.21"]
[EventType "tourn"]
[EventRounds "9"]
[EventCountry "USA"]
[EventCategory "9"]
[Source "ChessMix"]
[SourceDate "2019.12.01"]

1. e4 c6 2. d4 d5 3. e5 Bf5 4. h4 Qc8 5. c4 dxc4 6. Bxc4 e6 7. Nc3 h6 8. Nge2
Ne7 9. O-O Nd7 10. Ng3 Nb6 11. Bd3 Bxd3 12. Qxd3 Qd7 13. Be3 O-O-O 14. a4 Kb8
15. b4 Ned5 16. b5 Nxc3 17. Qxc3 Rc8 18. Qb2 Be7 19. Ne4 Nd5 20. Rfc1 f5 21.
Nc5 Bxc5 22. Rxc5 g5 23. h5 Rc7 24. Bd2 Rhc8 25. Bb4 Ka8 26. Ba3 b6 27. Rxc6
Rxc6 28. bxc6 Qxc6 29. g3 Qxa4 30. Bf8 Qe8 31. Qa3 a5 32. Bc5 Qb5 33. Bf8 Kb7
34. Bxh6 Rh8 35. Bg7 Rxh5 36. Rc1 Qe8 37. Bf6 g4 38. Qd6 Rh7 39. Bd8 Qd7 40.
Qf8 Rf7 41. Qg8 Rg7 42. Qf8 Rf7 43. Qg8 a4 44. Bh4 f4 45. Qxg4 fxg3 46. Bxg3
Rg7 47. Qf3 Qe8 48. Qa3 Rc7 49. Ra1 Rc4 50. Qf3 Qc6 51. Qf7+ Ka6 52. Kh2 Rxd4
53. Qf8 Rc4 54. Qg8 Nf4 55. Rg1 Qf3 56. Qe8 Qh5+ 0-1

[Event "St Louis Inv GM"]
[Site "Saint Louis USA"]
[Date "2019.11.25"]
[Round "8.4"]
[White "Thavandiran, Shiyam"]
[Black "Zierk, Steven"]
[Result "1/2-1/2"]
[WhiteElo "2409"]
[BlackElo "2512"]
[PlyCount "69"]
[EventDate "2019.11.21"]
[EventType "tourn"]
[EventRounds "9"]
[EventCountry "USA"]
[EventCategory "9"]
[Source "ChessMix"]
[SourceDate "2019.12.01"]

1. e4 e6 2. d4 d5 3. Nc3 Bb4 4. exd5 exd5 5. Bd3 Nc6 6. a3 Bxc3+ 7. bxc3 Nge7
8. Qh5 Qd6 9. Ne2 g6 10. Qf3 Bf5 11. O-O f6 12. a4 O-O-O 13. Ba3 Qd7 14. Ng3 h5
15. Rfe1 Bxd3 16. cxd3 h4 17. Nf1 Rhf8 18. Ne3 Rf7 19. Ng4 Nf5 20. h3 Kb8 21.
Rab1 Nce7 22. Nxf6 Qxa4 23. Bxe7 Rxe7 24. Nxd5 Rxe1+ 25. Rxe1 a5 26. c4 Re8 27.
Rb1 Qc6 28. Qf4 Qd6 29. Qxd6 cxd6 30. Ra1 Nxd4 31. Rxa5 Re1+ 32. Kh2 Re2 33.
Kg1 Re1+ 34. Kh2 Re2 35. Kg1 1/2-1/2

[Event "US Masters"]
[Site "Greensboro USA"]
[Date "2019.08.21"]
[Round "1"]
[White "Harris, Neal"]
[Black "Thavandiran, Shiyam"]
[Result "1/2-1/2"]
[WhiteElo "2098"]
[BlackElo "2419"]
[PlyCount "72"]
[EventDate "2019.08.21"]
[EventType "swiss"]
[EventRounds "9"]
[EventCountry "USA"]
[Source "ChessMix"]
[SourceDate "2019.09.01"]

1. e4 e6 2. d4 d5 3. Nc3 Nf6 4. Bg5 Bb4 5. e5 h6 6. Bd2 Bxc3 7. bxc3 Ne4 8. Qg4
Kf8 9. Be3 c5 10. Bd3 Nxc3 11. dxc5 Qa5 12. Nf3 Ne4+ 13. Nd2 Qc3 14. O-O Nxd2
15. Rfd1 Nc6 16. Bxd2 Qxe5 17. Rab1 Qc7 18. c4 e5 19. Qg3 Be6 20. cxd5 Bxd5 21.
Bc3 f6 22. Ba6 bxa6 23. Rxd5 Kf7 24. Qd3 Rhd8 25. Rd6 Rxd6 26. cxd6 Qd7 27.
Qxa6 Nd8 28. Ba5 Qc6 29. Qxc6 Nxc6 30. Rb7+ Ke6 31. Bc7 g5 32. g4 e4 33. h3 Ne5
34. Bb8 Nd7 35. Bc7 Ne5 36. Bb8 Nd7 1/2-1/2

[Event "US Masters"]
[Site "Greensboro USA"]
[Date "2019.08.22"]
[Round "2"]
[White "Thavandiran, Shiyam"]
[Black "Chen, Alex"]
[Result "1-0"]
[WhiteElo "2419"]
[BlackElo "2034"]
[PlyCount "50"]
[EventDate "2019.08.21"]
[EventType "swiss"]
[EventRounds "9"]
[EventCountry "USA"]
[Source "ChessMix"]
[SourceDate "2019.09.01"]

1. c4 b6 2. Nf3 Bb7 3. b3 Nf6 4. Bb2 e6 5. g3 g6 6. Bg2 Bg7 7. O-O O-O 8. d4 d6
9. Qc2 c5 10. dxc5 bxc5 11. Nc3 Qe7 12. Rad1 Nbd7 13. Qd2 d5 14. cxd5 exd5 15.
e3 Rad8 16. Qc2 Rfe8 17. Rfe1 Nf8 18. Ba3 Ne6 19. Na4 Bf8 20. Rc1 Rc8 21. Qd1
Red8 22. Nd4 Nd7 23. Qd2 Qe8 24. Nxe6 Qxe6 25. Qa5 Rc6 1-0

[Event "US Masters"]
[Site "Greensboro USA"]
[Date "2019.08.22"]
[Round "3"]
[White "Bruzon Batista, Lazaro"]
[Black "Thavandiran, Shiyam"]
[Result "1-0"]
[WhiteElo "2643"]
[BlackElo "2419"]
[PlyCount "65"]
[EventDate "2019.08.21"]
[EventType "swiss"]
[EventRounds "9"]
[EventCountry "USA"]
[Source "ChessMix"]
[SourceDate "2019.09.01"]

1. c4 c5 2. g3 Nf6 3. Bg2 e6 4. Nf3 a6 5. Nc3 Qc7 6. O-O d6 7. b3 Be7 8. Bb2 b6
9. Rc1 Bb7 10. e3 O-O 11. Qe2 Nbd7 12. h3 Rfe8 13. d3 Rad8 14. e4 Ne5 15. Ne1
Nc6 16. f4 Nd4 17. Qf2 b5 18. Nd1 Nc6 19. Ne3 Nd7 20. Ng4 Bf8 21. Nc2 Ba8 22.
Qe2 g6 23. Qd2 h5 24. Nf6+ Nxf6 25. Bxf6 Rb8 26. g4 hxg4 27. hxg4 bxc4 28. bxc4
Bg7 29. g5 e5 30. f5 gxf5 31. exf5 Nd4 32. Bxa8 Rxa8 33. Qh2 1-0

[Event "US Masters"]
[Site "Greensboro USA"]
[Date "2019.08.23"]
[Round "4"]
[White "Thavandiran, Shiyam"]
[Black "Mishra, Abhimanyu"]
[Result "1/2-1/2"]
[WhiteElo "2419"]
[BlackElo "2304"]
[PlyCount "88"]
[EventDate "2019.08.21"]
[EventType "swiss"]
[EventRounds "9"]
[EventCountry "USA"]
[Source "ChessMix"]
[SourceDate "2019.09.01"]

1. e4 c5 2. Nf3 e6 3. d4 cxd4 4. Nxd4 Nc6 5. Nc3 Qc7 6. Be2 a6 7. O-O Nf6 8.
Be3 Bb4 9. Na4 Be7 10. Nxc6 bxc6 11. Nb6 Rb8 12. Nxc8 Qxc8 13. Bd4 c5 14. Be5
Rb6 15. Qd3 d6 16. Bc3 O-O 17. b3 Qc6 18. Bf3 Nd7 19. Qe3 h6 20. g3 Bg5 21. Qe2
Rc8 22. h4 Be7 23. Qe3 c4 24. Rac1 Qb7 25. Be2 Rbc6 26. Rfd1 cxb3 27. cxb3 Bf6
28. Bd2 Rxc1 29. Rxc1 Rxc1+ 30. Bxc1 Nc5 31. Bf3 Qb5 32. Qd2 Qb6 33. Qc2 Bd4
34. Kg2 a5 35. Qd2 Nd7 36. Ba3 Ne5 37. Bd1 Bc5 38. Bb2 Nc6 39. Qe2 Nd4 40. Qc4
Qb7 41. Qd3 e5 42. Bxd4 Bxd4 43. Qf3 Qe7 44. Be2 Qf6 1/2-1/2

[Event "US Masters"]
[Site "Greensboro USA"]
[Date "2019.08.23"]
[Round "5"]
[White "Guo, Arthur"]
[Black "Thavandiran, Shiyam"]
[Result "1/2-1/2"]
[WhiteElo "2346"]
[BlackElo "2419"]
[PlyCount "46"]
[EventDate "2019.08.21"]
[EventType "swiss"]
[EventRounds "9"]
[EventCountry "USA"]
[Source "ChessMix"]
[SourceDate "2019.09.01"]

1. e4 c6 2. Nf3 d5 3. Nc3 dxe4 4. Nxe4 Nf6 5. Qe2 Nxe4 6. Qxe4 Qd5 7. Qh4 Qe6+
8. Be2 Qg4 9. Qg3 Qxg3 10. hxg3 g6 11. d4 Bg7 12. Bh6 Bxh6 13. Rxh6 Kf8 14.
O-O-O Bg4 15. Rh4 h5 16. Re1 Nd7 17. Ne5 Nxe5 18. dxe5 g5 19. Rhh1 Bxe2 20.
Rxe2 Rd8 21. Rd2 Rxd2 22. Kxd2 f5 23. exf6 exf6 1/2-1/2

[Event "Bay Area op"]
[Site "Burlingame USA"]
[Date "2019.01.01"]
[Round "1.37"]
[White "Kung, Thomas"]
[Black "Thavandiran, Shiyam"]
[Result "0-1"]
[WhiteElo "2133"]
[BlackElo "2410"]
[PlyCount "68"]
[EventDate "2019.01.01"]
[EventType "swiss"]
[EventRounds "9"]
[EventCountry "USA"]
[Source "ChessMix"]
[SourceDate "2019.01.10"]

1. e4 c6 2. d4 d5 3. e5 Bf5 4. Nf3 e6 5. Be2 Ne7 6. O-O h6 7. Nbd2 Nd7 8. Nb3
Qc7 9. Bd2 a5 10. a4 g5 11. Rc1 Bg7 12. Qe1 b6 13. c4 O-O 14. c5 Rfb8 15. h3
bxc5 16. Bxa5 Qa7 17. Nxc5 Nxc5 18. Rxc5 Rxb2 19. Bd1 Rab8 20. Qc3 Bf8 21. Bd8
Ng6 22. Rxc6 Nf4 23. Bc7 R8b3 24. Qa5 Qb7 25. Rd6 Bc2 26. Rd8 Kg7 27. Bd6 Bxd6
28. exd6 Bxd1 29. d7 Bxf3 30. Rg8+ Kxg8 31. d8=Q+ Kg7 32. gxf3 Rb1 33. Rxb1
Rxb1+ 34. Kh2 Qb2 0-1

[Event "Bay Area op"]
[Site "Burlingame USA"]
[Date "2019.01.02"]
[Round "2.7"]
[White "Thavandiran, Shiyam"]
[Black "Naroditsky, Daniel"]
[Result "1/2-1/2"]
[WhiteElo "2410"]
[BlackElo "2616"]
[PlyCount "46"]
[EventDate "2019.01.01"]
[EventType "swiss"]
[EventRounds "9"]
[EventCountry "USA"]
[Source "ChessMix"]
[SourceDate "2019.01.10"]

1. e4 d5 2. exd5 Qxd5 3. Nc3 Qa5 4. d4 Nf6 5. Nf3 Bf5 6. Bc4 e6 7. Bd2 Bb4 8.
a3 Bxc3 9. Bxc3 Qb6 10. d5 Nbd7 11. dxe6 Bxe6 12. Bxe6 Qxe6+ 13. Qe2 Qxe2+ 14.
Kxe2 O-O-O 15. Rhe1 Nd5 16. Bd2 Nc5 17. Kf1 Rhe8 18. Rxe8 Rxe8 19. Re1 Rxe1+
20. Kxe1 Kd7 21. Ke2 f6 22. c4 Nb6 23. Be3 Ne6 1/2-1/2

[Event "Bay Area op"]
[Site "Burlingame USA"]
[Date "2019.01.03"]
[Round "3.12"]
[White "Dragun, Kamil"]
[Black "Thavandiran, Shiyam"]
[Result "1-0"]
[WhiteElo "2578"]
[BlackElo "2410"]
[PlyCount "69"]
[EventDate "2019.01.01"]
[EventType "swiss"]
[EventRounds "9"]
[EventCountry "USA"]
[Source "ChessMix"]
[SourceDate "2019.01.10"]

1. Nf3 Nf6 2. c4 e6 3. g3 c5 4. Bg2 a6 5. Nc3 Qc7 6. O-O d6 7. b3 Be7 8. Bb2 b6
9. e3 Bb7 10. d4 O-O 11. Rc1 Ne4 12. d5 Nxc3 13. Bxc3 exd5 14. cxd5 Nd7 15. e4
Rfe8 16. Re1 Bf8 17. h4 b5 18. h5 Ne5 19. Nh4 c4 20. bxc4 bxc4 21. Bxe5 Rxe5
22. Bf1 Rae8 23. Rxc4 Qa5 24. Re3 g6 25. hxg6 hxg6 26. Qa4 Qd8 27. Nf3 R5e7 28.
Rb3 Bg7 29. Nd4 Bxd4 30. Rxd4 Bc8 31. Rc4 Bg4 32. f3 Bd7 33. Qxa6 Re5 34. Qxd6
Kg7 35. Rc7 1-0

[Event "Bay Area op"]
[Site "Burlingame USA"]
[Date "2019.01.03"]
[Round "4.27"]
[White "Thavandiran, Shiyam"]
[Black "Yanayt, Eugene"]
[Result "1-0"]
[WhiteElo "2410"]
[BlackElo "2143"]
[PlyCount "51"]
[EventDate "2019.01.01"]
[EventType "swiss"]
[EventRounds "9"]
[EventCountry "USA"]
[Source "ChessMix"]
[SourceDate "2019.01.10"]

1. c4 e5 2. g3 Nc6 3. Nc3 f5 4. Nf3 Bc5 5. e3 e4 6. Nh4 Nf6 7. d4 exd3 8. Bxd3
O-O 9. O-O Ne5 10. Be2 c6 11. Qc2 d6 12. Na4 Bb4 13. a3 Ba5 14. b4 Bc7 15. Bb2
Ne4 16. f3 Ng5 17. f4 Nh3+ 18. Kg2 Ng4 19. Kxh3 Nxe3 20. Qc3 Qe7 21. Rfe1 Rf6
22. Bf3 Re6 23. Re2 g5 24. Qh8+ Kf7 25. Bh5+ Rg6 26. Qxh7+ 1-0